Econo-property monthly review. - January 1999 - October 1999 (Record no. 97618)
[ view plain ]
| 000 -LEADER | |
|---|---|
| fixed length control field | 00706cam a2200289 4500 |
| 001 - CONTROL NUMBER | |
| control field | J96523 |
| 008 - FIXED-LENGTH DATA ELEMENTS--GENERAL INFORMATION | |
| fixed length control field | 090401t1999 xxu||||| |||| 00| 0 eng d |
| 035 ## - SYSTEM CONTROL NUMBER | |
| System control number | (Sirsi) u91170 |
| 041 ## - LANGUAGE CODE | |
| Language code of text/sound track or separate title | eng |
| 050 ## - LIBRARY OF CONGRESS CALL NUMBER | |
| Classification number | 330.941 |
| 110 ## - MAIN ENTRY--CORPORATE NAME | |
| Corporate name or jurisdiction name as entry element | CB Hillier Parker |
| 9 (RLIN) | 3660 |
| 245 ## - TITLE STATEMENT | |
| Title | Econo-property monthly review. - January 1999 - October 1999 |
| 260 ## - PUBLICATION, DISTRIBUTION, ETC. | |
| Place of publication, distribution, etc. | London |
| Name of publisher, distributor, etc. | CB Hillier Parker |
| Date of publication, distribution, etc. | 1999 |
| 300 ## - PHYSICAL DESCRIPTION | |
| Extent | 8 pt. ; 30cm. |
| 350 ## - PRICE (NR) (BK AM CF MU VM SE) [OBSOLETE] | |
| Price | 0 |
| 650 ## - SUBJECT ADDED ENTRY--TOPICAL TERM | |
| Topical term or geographic name entry element | BALANCE OF PAYMENTS |
| 650 ## - SUBJECT ADDED ENTRY--TOPICAL TERM | |
| Topical term or geographic name entry element | ECONOMY |
| 650 ## - SUBJECT ADDED ENTRY--TOPICAL TERM | |
| Topical term or geographic name entry element | GDP |
| 650 ## - SUBJECT ADDED ENTRY--TOPICAL TERM | |
| Topical term or geographic name entry element | GILTS |
| 650 ## - SUBJECT ADDED ENTRY--TOPICAL TERM | |
| Topical term or geographic name entry element | INFLATION |
| 650 ## - SUBJECT ADDED ENTRY--TOPICAL TERM | |
| Topical term or geographic name entry element | PRODUCER PRICES |
| 650 ## - SUBJECT ADDED ENTRY--TOPICAL TERM | |
| Topical term or geographic name entry element | PSBR |
| 650 ## - SUBJECT ADDED ENTRY--TOPICAL TERM | |
| Topical term or geographic name entry element | RETAIL SALES |
| 690 ## - LOCAL SUBJECT ADDED ENTRY--TOPICAL TERM (OCLC, RLIN) | |
| Topical term or geographic name as entry element | ECONOMIC AND SOCIAL |
| 942 ## - ADDED ENTRY ELEMENTS (KOHA) | |
| Suppress in OPAC | 0 |
| 948 ## - LOCAL PROCESSING INFORMATION (OCLC); SERIES PART DESIGNATOR (RLIN) | |
| c (OCLC) | 09/02/1999 |
| Withdrawn status | Lost status | Source of classification or shelving scheme | Damaged status | Not for loan | Home library | Current library | Shelving location | Date acquired | Total Checkouts | Full call number | Barcode | Date last seen | Copy number | Price effective from | Koha item type | Date last checked out |
|---|---|---|---|---|---|---|---|---|---|---|---|---|---|---|---|---|
| Dewey Decimal Classification | London | London | Property market reports | 14/09/1999 | PROPERTY MARKET REPORTS | 30057198 | 06/08/2019 | 1 | 06/08/2019 | Book | ||||||
| Dewey Decimal Classification | London | London | Property market reports | 14/09/1999 | PROPERTY MARKET REPORTS | 30057696 | 06/08/2019 | 2 | 06/08/2019 | Book | ||||||
| Dewey Decimal Classification | London | London | Property market reports | 14/09/1999 | PROPERTY MARKET REPORTS | 30058089 | 06/08/2019 | 3 | 06/08/2019 | Book | ||||||
| Dewey Decimal Classification | London | London | Property market reports | 14/09/1999 | PROPERTY MARKET REPORTS | 30058097 | 06/08/2019 | 4 | 06/08/2019 | Book | ||||||
| Dewey Decimal Classification | London | London | Property market reports | 29/09/1999 | PROPERTY MARKET REPORTS | 30058687 | 06/08/2019 | 5 | 06/08/2019 | Book | ||||||
| Dewey Decimal Classification | London | London | Property market reports | 29/09/1999 | PROPERTY MARKET REPORTS | 30058905 | 06/08/2019 | 6 | 06/08/2019 | Book | ||||||
| Dewey Decimal Classification | London | London | Property market reports | 29/09/1999 | 1 | PROPERTY MARKET REPORTS | 30059029 | 06/08/2019 | 7 | 06/08/2019 | Book | 14/10/1999 | ||||
| Dewey Decimal Classification | London | London | Property market reports | 07/10/1999 | PROPERTY MARKET REPORTS | 30059379 | 06/08/2019 | 8 | 06/08/2019 | Book | ||||||
| Dewey Decimal Classification | London | London | Property market reports | 25/11/1999 | PROPERTY MARKET REPORTS | 30060213 | 06/08/2019 | 9 | 06/08/2019 | Book |